000 00304nam a2200109Ia 4500
008 220204s9999 xx 000 0 und d
082 _a581.5
_bRUS
245 0 _aPlant canopies: Their growth, form and function
260 _aNew York
_bCambridge University Press
_c1989
700 _aRussell, G
942 _cBK
999 _c40417
_d40417